000 00945cam a2200301 4500
008 010803n2001 000 0 eng u
020 _a1860814751
035 _a(Sirsi) u113925
100 _aRaw, G.
245 _aBuilding regulation health and safety : a report concerning the influence on the health and safety of building users of fabric and services controlled or controllable by regulation of buildings
260 _aGarston
_aWatford
_bBRE
_c2001
300 _avii, 140p.
_c30cm.
350 _a45.00
490 _aBRE Report
_v417
490 _aBRE BR
_v417
650 _aACCIDENTS
650 _aBUILDING FABRIC
650 _aBUILDING REGULATIONS
_96224
650 _aBlock management
_96220
650 _aHAZARDS
650 _aHEALTH AND SAFETY
_96244
650 _aSAFETY
650 _aSECURITY
690 _aBUILT ENVIRONMENT-BUILDING STANDARDS
700 _aAizlewood, C.
700 _aHamilton, R.
942 _n0
999 _c101567
_d101567